The sword and the trowel; (Record no. 5630)
[ view plain ]
| 000 -LEADER | |
|---|---|
| fixed length control field | 00700cam a22002531 4500 |
| 001 - CONTROL NUMBER | |
| control field | 20454 |
| 003 - CONTROL NUMBER IDENTIFIER | |
| control field | GBCCL |
| 005 - DATE AND TIME OF LATEST TRANSACTION | |
| control field | 20241126110546.0 |
| 008 - FIXED-LENGTH DATA ELEMENTS--GENERAL INFORMATION | |
| fixed length control field | 700928s1968 caub b 000 0 eng |
| 010 ## - | |
| -- | 68021025 //r92 |
| 035 ## - SYSTEM CONTROL NUMBER | |
| System control number | (OCoLC)00441762 |
| 040 ## - CATALOGING SOURCE | |
| Original cataloging agency | DLC |
| Transcribing agency | DLC |
| 049 ## - | |
| -- | LBBK |
| 050 00 - | |
| -- | BS592 |
| -- | .M8 |
| 082 00 - DEWEY DECIMAL CLASSIFICATION NUMBER | |
| Classification number | 220.07 |
| Item number | MUR |
| 092 ## - LOCALLY ASSIGNED DEWEY CALL NUMBER (OCLC) | |
| Classification number | 222 |
| Item number | M973 |
| 100 1# - MAIN ENTRY--PERSONAL NAME | |
| Personal name | Murch, James DeForest, |
| Dates associated with a name | 1892- |
| 9 (RLIN) | 580 |
| 245 14 - TITLE STATEMENT | |
| Title | The sword and the trowel; |
| Remainder of title | exile and restoration. |
| 260 ## - PUBLICATION, DISTRIBUTION, ETC. | |
| Place of publication, distribution, etc. | Glendale, Calif., |
| Name of publisher, distributor, etc. | Regal Books |
| Date of publication, distribution, etc. | [1968] |
| 300 ## - PHYSICAL DESCRIPTION | |
| Extent | 141, [3] p. |
| Other physical details | map. |
| Dimensions | 18 cm. |
| 504 ## - BIBLIOGRAPHY, ETC. NOTE | |
| Bibliography, etc. note | Bibliography: p. [143]-[144] |
| 630 00 - SUBJECT ADDED ENTRY--UNIFORM TITLE | |
| Uniform title | Bible |
| General subdivision | Outlines, syllabi, etc. |
| 9 (RLIN) | 1460 |
| 942 ## - ADDED ENTRY ELEMENTS (KOHA) | |
| Source of classification or shelving scheme | Dewey Decimal Classification |
| Koha item type | Books |
| Withdrawn status | Lost status | Source of classification or shelving scheme | Damaged status | Not for loan | Home library | Current Library | Shelving location | Date acquired | Total checkouts | Full call number | Barcode | Date last seen | Copy number | Price effective from | Koha item type |
|---|---|---|---|---|---|---|---|---|---|---|---|---|---|---|---|
| Dewey Decimal Classification | GRACE BIBLE COLLEGE | GRACE BIBLE COLLEGE | Biblical Studies | 2018-04-02 | 220.07 MUR | 000924 | 2025-05-01 | c.1 | 2018-04-02 | Books |